The insular cases : the role of the judiciary in American expansionism /

Bibliographic Details
Main Author: Kerr, James Edward, 1947-
Format: Book
Language:English
Published: Port Washington, N.Y. : Kennikat Press, 1982.
Series:Multi-disciplinary studies in the law.
Subjects:

MARC

Tag First Indicator Second Indicator Subfields
LEADER 00000pam a2200000 a 4500
001 in00000097648
005 20150924085334.0
008 810513s1982 nyu b 00110 eng
010 |a  81008183  
020 |a 0804692874 :  |c $16.50 
035 |a (OCoLC)07555704 
035 |9 AAK9272AM 
039 0 |a 2  |b 3  |c 3  |d 3  |e 3 
040 |a DLC  |c DLC  |d TXA  |d UtOrBLW 
043 |a n-us--- 
049 |a TXAM  |c [1673793] 
050 0 0 |a KF4635 A7  |b  K47 1982 
082 0 |a 342.73/0412  |a 347.302412  |2 19 
100 1 |a Kerr, James Edward,  |d 1947- 
245 1 4 |a The insular cases :  |b the role of the judiciary in American expansionism /  |c James Edward Kerr. 
264 1 |a Port Washington, N.Y. :  |b Kennikat Press,  |c 1982. 
300 |a viii, 131 pages ;  |c 22 cm. 
336 |a text  |b txt  |2 rdacontent 
337 |a unmediated  |b n  |2 rdamedia 
338 |a volume  |b nc  |2 rdacarrier 
490 1 |a Multi-disciplinary studies in the law 
490 0 |a National university publications 
500 |a Includes index. 
504 |a Bibliography: pages 126-128. 
650 0 |a Law  |z United States  |x Territories and possessions  |x Cases. 
651 0 |a United States  |x Insular possessions. 
830 0 |a Multi-disciplinary studies in the law. 
999 |a MARS 
999 f f |s 13aef479-64ef-33e5-9d49-02a06ac8995e  |i 754d945b-1357-38ea-8137-32844e547c7e  |t 0 
952 f f |p normal  |a Texas A&M University  |b College Station  |c Sterling C. Evans Library  |d Evans: Library Stacks  |t 0  |e KF4635 A7 K47 1982  |h Library of Congress classification  |i unmediated -- volume  |m A14806017109 
998 f f |a KF4635 A7 K47 1982  |t 0  |l Evans: Library Stacks